000 00386cam a22001097a 4500
008 180718b1967 xxu||||| |||| 00| 0 eng d
082 _aT000x5444 M999r
245 _aReview of the working of government departments : with special reference to development
_cby Finance Department
260 _aBangalore
_bThe Government Press
_c1967
300 _a153p.
700 _aMysore.Finance Department
999 _c497030
_d497030